| 000 | 00695nam a22002177a 4500 | ||
|---|---|---|---|
| 999 |
_c20135 _d20135 |
||
| 003 | AR-CdUCM | ||
| 008 | 190223b ||||| |||| 00| 0 spa d | ||
| 040 |
_aMUNICIPALIDAD PROVINCIAL DEL CUSCO _cBIBLIOTECA MUNICIPAL DEL CUSCO |
||
| 082 |
_a868.66 / _bG62 |
||
| 100 |
_aGómez de la Serna, Ramón _91320 |
||
| 245 | _aRetratos contemporáneos escogidos / | ||
| 260 |
_aBuenos Aires : _bSudamericana, _c1968. |
||
| 300 |
_a466 páginas ; _c19 cm. |
||
| 440 |
_aColeccion Piragua _913120 |
||
| 505 | _aContenido: Juan Ramón Jiménez -- Macedonio Fernández... | ||
| 650 |
_aLiteratura _983 |
||
| 650 |
_aBiografías _9148 |
||
| 650 |
_aHistoria _9136 |
||
| 942 |
_2ddc _cLIBROS |
||
| 945 | _arcc | ||